India's connect central Asia policy : (Record no. 166158)

MARC details
000 -LEADER
fixed length control field 00693nam a22002057a 4500
005 - DATE AND TIME OF LATEST TRANSACTION
control field 20220217104920.0
010 ## - LCCN (DPL NO)
LC control number ENG-125930
020 ## - INTERNATIONAL STANDARD BOOK NUMBER
International Standard Book Number 9788180642890
Terms of availability 100.00
035 ## - SYSTEM CONTROL NUMBER
System control number EN-109462
037 ## - SOURCE OF ACQUISITION
Source of stock number/acquisition DBAD/PUB
082 ## - DEWEY DECIMAL CLASSIFICATION NUMBER
Classification number 327.54
100 ## - MAIN ENTRY--PERSONAL NAME
Personal name Kothari, Raj Kumar
245 ## - TITLE STATEMENT
Title India's connect central Asia policy :
Remainder of title emerging security and economic dimensions /
Statement of responsibility, etc Raj Kumar Kothari,Sukanya Mukherjee
260 ## - PUBLICATION, DISTRIBUTION, ETC. (IMPRINT)
Place of publication, distribution, etc Kolkata
Name of publisher, distributor, etc Progressive Publishers
Date of publication, distribution, etc 2019
270 ## - ADDRESS
Address 37A, College Street
City Kolkata
Postal code 700073
300 ## - PHYSICAL DESCRIPTION
Extent 119p.
Dimensions 22cm(Hb)
500 ## - GENERAL NOTE
General note Includes bibliographical references and index
700 ## - ADDED ENTRY--PERSONAL NAME
Personal name Mukherhee, Suknaya
942 ## - ADDED ENTRY ELEMENTS (KOHA)
Source of classification or shelving scheme Dewey Decimal Classification
Item type English Books
Classification part 327.54
Call number suffix KOT
Holdings
Withdrawn status Lost status Not for loan Collection code Home library Current library Date acquired Source of acquisition Cost, normal purchase price Full call number Barcode Copy number Cost, replacement price Koha item type
      Non-fiction Ashok Vihar Ashok Vihar 15/07/2019 DBAD/PUB 100.00 327.54 KOT EN-109462 1 100.00 English Books

© Delhi Public Library
Hit Counter
free hit counter